000
00199 a2200097 4500
020
_a
9780674033573
041
_a
eng
100
_a
boyd brian
245
_a
on the other origin of stories
942
_c
BK
999
_c
10925
_d
10925